000 00216nam a22001217a 4500
040 _cHS
082 _a636
100 _aNA
245 _aDairy Essentials
260 _aNA
_bNA
_c2008
300 _a140p;
942 _cEK
999 _c10309
_d10309